000 00544cam a22001694a 4500
005 20250605163432.0
008 250528s ||||||||||||||||||||||||d
035 _a19141
040 _aGR-AtMCL
_bgre
_dGR-AtMCL
_eAACR2
245 1 _aPenguin - Hellenews - Αγγλο - Ελληνικό Λεξικόν / Βασισμένο είς την Έκδοσιν The Penguin English Dictionary by G.N. Garmonsway
250 _a
260 _bHellenews - Παιδεία,
_c1989
300 _a930
942 _cBK
999 _c4419
_d4419